The Challenge of Democracy Government in America (Record no. 3115)

MARC details
000 -LEADER
fixed length control field 00372nam a22001337a 4500
008 - FIXED-LENGTH DATA ELEMENTS--GENERAL INFORMATION
fixed length control field 250423b |||||||| |||| 00| 0 eng d
020 ## - INTERNATIONAL STANDARD BOOK NUMBER
ISBN 0393472873
100 ## - MAIN ENTRY--AUTHOR
Author Janda Kenneth
245 ## - TITLE STATEMENT
Title The Challenge of Democracy Government in America
260 ## - PUBLICATION, DISTRIBUTION, ETC. (IMPRINT)
Place of publication USA
Name of publisher Library of Congress in Cataloging Publication
Date of publication 1992
300 ## - COLLATION
Pagination 759p.
942 ## - ADDED ENTRY ELEMENTS (KOHA)
Item type Books
050 ## - LIBRARY OF CONGRESS CALL NUMBER
Classification number JC 2817
Item number .J36
Holdings
Source of classification or shelving scheme Not for loan Permanent location Current location Date acquired Accession No. Full call number Barcode. Koha item type
Library of Congress Classification   Samuel Ogbemudia Main Library, University of Abuja Samuel Ogbemudia Main Library, University of Abuja 04/23/2025 2009/39765 JC 2817.J36 2025-1534 Books